000 00874nam a22002177a 4500
999 _c2140
_d2140
003 AR-CdUCM
008 190304b ||||| |||| 00| 0 spa d
040 _aMUNICIPALIDAD PROVINCIAL DEL CUSCO
_cBIBLIOTECA MUNICIPAL DEL CUSCO
082 _a372.6 /
_bT73
100 _aTorres Balbuena, José J.
_97715
245 _aOrientación, Bienestar Educando :
_btutora: programas instrumentos técnicos /
260 _aLima :
_bUniverso,
_c1983.
300 _a276 páginas ;
_bFotografías,
_c20 cm.
505 _aUna orientación axiologica -- Dispositivos que norman el servicio de obe e escuelas y colegios -- Objetivos generales de OBE y el desarrollo integral del ser humano...
650 _aOrientacion Axiologica.
_97716
650 _aEducación.
_9460
650 _aPedagogia.
_91560
650 _aServicios de OBE.
_97717
942 _2ddc
_cLIBROS
945 _awfj
_d2019-03-04